Statistics for Police Cars From Around The World

Click here to take the quiz!

General Stats

  • This quiz has been taken 116 times
  • The average score is 11 of 15

Answer Stats

Answer% Correct
UK
96%
Germany
92%
USA
91%
Italy
89%
France
88%
Russia
84%
Spain
82%
Canada
76%
China
76%
Australia
64%
Sweden
63%
Netherlands
62%
Brazil
58%
Greece
47%
Switzerland
26%

Score Distribution

Percentile by Number Answered

Percent of People with Each Score

Your Score History

You have not taken this quiz